| 000 | 00982nab a22002297a 4500 | ||
|---|---|---|---|
| 999 |
_c5942 _d5942 |
||
| 003 | OSt | ||
| 005 | 20260114014717.0 | ||
| 008 | 190605e xxu||||| |||| 00| 0 spa d | ||
| 040 | _cPJ | ||
| 100 |
_96648 _aDespoulis Netri, Federico |
||
| 245 | 1 | 3 |
_aLa supresión de la culpa en el divorcio en el Código Civil y Comercial y su afectación al Derecho de la Seguridad Social / _cFederico Despoulis Netri. |
| 260 |
_aCiudad Autónoma de Buenos Aires : _bThomson Reuters La Ley, _c2024. |
||
| 300 | _ap. 212-16 | ||
| 500 | _aCita: TR LALEY AR/DOC/323/2024. | ||
| 505 | _t¿Te interesa el texto completo? Solicitalo al correo: koha@justierradelfuego.gov.ar | ||
| 650 | 0 |
_91316 _aDERECHO LABORAL |
|
| 650 | 0 |
_91497 _aCODIGO CIVIL Y COMERCIAL |
|
| 650 | 0 |
_9977 _aDIVORCIO |
|
| 650 | 0 |
_9995 _aCAUSALES DE DIVORCIO |
|
| 773 | 0 |
_02711 _93168 _dCiudad Autónoma de Buenos Aires : Thomson Reuters La Ley, 1999-2002. _tRevista de derecho del trabajo. Nº 2 - Marzo 2024 |
|
| 942 |
_2udc _cANA |
||